000 00537nam a2200229Ia 4500
003 0100
008 130303s9999 xx 000 0 und d
020 _a0281043094
040 _cARRUPELIB
050 _aBT30.A35R43 2001
245 2 _aA reader in African Christian theology
260 _aLondon
260 _bS.P.C.K.
260 _C1987
300 _axi
300 _b 178p. 23cm
440 _aTEF study guide 23 (advanced)
650 _aCHRISTIANITY
650 _bEthics
700 _aParratt, John (ed.)
942 0 0 _06
999 _c22469
_d22469